000 00540nam a2200217Ia 4500
003 OSt
005 20230502151605.0
008 210423s2014 xx 000 0 und d
020 _a978145223515
040 _cAL
041 _aeng
082 _a378.242
_223
_b BUIY
100 _aBUI (YVONNE N).
_996254
245 _aHow to write a masters thesis.
250 _a2
260 _aNew Delhi
_bSage Publications
_c2014
300 _aXVIII,313
_bPB
365 _b350
_cINR
906 _aHow ; masters ; thesis. ; write
942 _2ddc
_cBK
999 _c161481
_d161481